[Event "Mittelrhein Verbandsliga Nord 1920"]
[Site "Mittelrhein"]
[Date "2019.11.17"]
[Round "3.8"]
[White "Krone, Aaron"]
[Black "Hermann, Gregor"]
[Result "1-0"]
[WhiteElo "1390"]
[BlackElo "1589"]
[PlyCount "145"]
[EventDate "2019.09.29"]
[EventType "team-tourn"]
[EventRounds "9"]
[EventCountry "GER"]
[SourceTitle "EXT 2023"]
[Source "ChessBase"]
[SourceDate "2022.10.05"]
[SourceVersion "1"]
[SourceVersionDate "2022.10.05"]
[SourceQuality "1"]
[WhiteTeam "Klub Koelner SF III"]
[BlackTeam "Brauweiler Rochade"]
[WhiteTeamCountry "GER"]
[BlackTeamCountry "GER"]

1. d4 Nf6 2. c4 e6 3. Nc3 Bb4 4. Nf3 b6 5. Bd2 Bb7 6. e3 c5 7. dxc5 Bxc5 8. Be2 0-0 9. 0-0 a6 10. Na4 Be7 11. Qb3 b5 12. cxb5 axb5 13. Bxb5 Bd5 14. Qd1 Nc6 15. Nc3 Qb6 16. Nxd5 Nxd5 17. Bxc6 Qxc6 18. Nd4 Qb6 19. Qb3 Qc7 20. Rfc1 Qe5 21. Nf3 Qh5 22. Qb7 Rfb8 23. Qxd7 Bf6 24. Bc3 Nxc3 25. bxc3 Rd8 26. Qb7 Rdb8 27. Qe4 Qc5 28. Nd4 Ra4 29. Qc6 Qa5 30. Rab1 Rf8 31. Rb5 Qa7 32. Qb7 Rxa2 33. Qxa7 Rxa7 34. c4 Rc8 35. Kf1 Kf8 36. c5 Bxd4 37. exd4 Ra4 38. Rd1 Rc4 39. Ke2 Rc2+ 40. Rd2 Rc3 41. Rd3 Rc2+ 42. Ke3 Ke8 43. Rbb3 e5 44. dxe5 R2xc5 45. f4 Rc2 46. Rd2 Ke7 47. Rxc2 Rxc2 48. Kf3 Ke6 49. Rb6+ Ke7 50. h3 Rc3+ 51. Kg4 Rd3 52. Rb7+ Kf8 53. h4 Rd4 54. g3 Rd3 55. h5 Rd8 56. Kg5 Ra8 57. g4 h6+ 58. Kf5 Re8 59. g5 hxg5 60. fxg5 Kg8 61. g6 fxg6+ 62. hxg6 Kf8 63. Rf7+ Kg8 64. e6 Ra8 65. e7 Ra5+ 66. Kg4 Ra4+ 67. Kg5 Ra5+ 68. Rf5 Ra8 69. Re5 Re8 70. Kf5 Kh8 71. Ke6 Ra8 72. Kf7 Ra7 73. Rd5 1-0

[Event "GER-ch Net qual4 U14"]
[Site "Playchess.com INT"]
[Date "2012.09.12"]
[Round "5"]
[White "Auerbach, Florian"]
[Black "Krone, Aaron"]
[Result "1/2-1/2"]
[WhiteElo "961"]
[BlackElo "1289"]
[PlyCount "52"]
[EventDate "2012.09.12"]
[EventType "swiss (blitz)"]
[EventRounds "7"]
[EventCountry "GER"]
[SourceTitle "CBM 150 Extra"]
[Source "ChessBase"]
[SourceDate "2012.10.19"]
[SourceVersion "1"]
[SourceVersionDate "2012.10.19"]
[SourceQuality "1"]

1. e4 e5 2. Nf3 Nf6 3. Nc3 Nc6 4. Bc4 Bc5 5. Ng5 0-0 6. Nxf7 Rxf7 7. Bxf7+ Kxf7 8. d3 d6 9. Bg5 Qe8 10. Bxf6 gxf6 11. Qh5+ Ke7 12. Qxh7+ Qf7 13. Qxf7+ Kxf7 14. Nd5 Bb6 15. 0-0 Be6 16. Ne3 Bxe3 17. fxe3 Rg8 18. h4 Bh3 19. Rf2 Nb4 20. Kh2 Be6 21. c3 Nxd3 22. Rff1 Nxb2 23. Rab1 Nd3 24. Rxb7 Rc8 25. Rxa7 Nb2 26. Rb7 Nc4 1/2-1/2

[Event "GER-ch Net qual3 U14"]
[Site "Playchess.com INT"]
[Date "2012.09.08"]
[Round "2"]
[White "Auerbach, Florian"]
[Black "Krone, Aaron"]
[Result "0-1"]
[WhiteElo "1107"]
[BlackElo "1281"]
[PlyCount "46"]
[EventDate "2012.09.08"]
[EventType "swiss (blitz)"]
[EventRounds "7"]
[EventCountry "GER"]
[SourceTitle "CBM 150 Extra"]
[Source "ChessBase"]
[SourceDate "2012.10.19"]
[SourceVersion "1"]
[SourceVersionDate "2012.10.19"]
[SourceQuality "1"]

1. e4 e5 2. Nf3 Nf6 3. Nc3 Nc6 4. Bb5 Bc5 5. d3 Ng4 6. 0-0 Nxf2 7. Rxf2 Bxf2+ 8. Kxf2 0-0 9. Ng5 Nd4 10. Nxh7 Kxh7 11. Qh5+ Kg8 12. Bh6 gxh6 13. Qxh6 Nxc2 14. Rc1 Nb4 15. Bc4 d6 16. Qh5 b5 17. Nxb5 Ba6 18. Qg4+ Kh8 19. Qh5+ Kg7 20. Qg4+ Kh7 21. Qh5+ Kg8 22. Qg6+ Kh8 23. Bxf7 Nxd3+ 0-1

[Event "GER-ch Net qual2 U14"]
[Site "Playchess.com INT"]
[Date "2012.09.05"]
[Round "2"]
[White "Massold, Timo"]
[Black "Krone, Aaron"]
[Result "1/2-1/2"]
[WhiteElo "1177"]
[BlackElo "1360"]
[PlyCount "109"]
[EventDate "2012.09.05"]
[EventType "swiss (blitz)"]
[EventRounds "7"]
[EventCountry "GER"]
[SourceTitle "CBM 150 Extra"]
[Source "ChessBase"]
[SourceDate "2012.10.19"]
[SourceVersion "1"]
[SourceVersionDate "2012.10.19"]
[SourceQuality "1"]

1. e4 e5 2. Nf3 Nf6 3. Nc3 Nc6 4. d4 exd4 5. Nxd4 d5 6. Bb5 Qd6 7. 0-0 Nxe4 8. Nxc6 bxc6 9. Nxe4 Qb4 10. Bxc6+ Bd7 11. Bxa8 Qxe4 12. Qxd5 Qxd5 13. Bxd5 Bd6 14. Re1+ Be7 15. Bf4 c6 16. Bd6 cxd5 17. Rxe7+ Kd8 18. Rd1 Be6 19. Bc7+ Kxe7 20. b3 Kd7 21. Be5 f6 22. Bd4 Rc8 23. Rc1 Kc6 24. Bxa7 Kb7 25. Be3 Ka6 26. c4 dxc4 27. bxc4 Rxc4 28. Rxc4 Bxc4 29. a3 Kb5 30. Bf4 Ka4 31. Bd6 g6 32. g4 h5 33. f3 Be2 34. Kf2 Bd1 35. Be7 f5 36. gxf5 gxf5 37. h4 f4 38. Bg5 Kxa3 39. Bxf4 Kb3 40. Be3 Kc4 41. f4 Kd5 42. Bc1 Ke4 43. Ke1 Bf3 44. Kf2 Bg4 45. Ke1 Kf5 46. Kf2 Bd1 47. Ke3 Kg4 48. Ke4 Bc2+ 49. Ke5 Kxh4 50. f5 Bxf5 51. Kxf5 Kg3 52. Bf4+ Kh3 53. Kg5 h4 54. Kh5 Kg2 55. Kxh4 1/2-1/2

[Event "GER-ch Net qual1 U14"]
[Site "Playchess.com INT"]
[Date "2012.09.01"]
[Round "7"]
[White "Krone, Aaron"]
[Black "Zimmermann, Felix"]
[Result "1-0"]
[WhiteElo "1362"]
[BlackElo "1299"]
[PlyCount "55"]
[EventDate "2012.09.01"]
[EventType "swiss (blitz)"]
[EventRounds "7"]
[EventCountry "GER"]
[SourceTitle "CBM 150 Extra"]
[Source "ChessBase"]
[SourceDate "2012.10.19"]
[SourceVersion "1"]
[SourceVersionDate "2012.10.19"]
[SourceQuality "1"]

1. d4 d5 2. c4 Nf6 3. Nc3 Nbd7 4. Nf3 e6 5. cxd5 exd5 6. Bg5 Be7 7. e3 c5 8. dxc5 Nxc5 9. Qd4 Ne6 10. Qd1 Nxg5 11. Nxg5 0-0 12. Bd3 Be6 13. Nxe6 fxe6 14. 0-0 Bb4 15. h3 Bxc3 16. bxc3 Rc8 17. Rb1 Rf7 18. Rc1 Rfc7 19. Qd2 Qe7 20. Rc2 Qa3 21. Rfc1 e5 22. c4 dxc4 23. Rxc4 Rxc4 24. Rxc4 Rd8 25. Rc3 Qb4 26. Bc4+ Qxc4 27. Qxd8+ Kf7 28. Rxc4 1-0